| 000 | 00761cam a22002411 4500 | ||
|---|---|---|---|
| 001 | gs 60000006 | ||
| 003 | DLC | ||
| 005 | 20260227111408.0 | ||
| 008 | 721205s1958 xx 000 0 eng | ||
| 010 | _ags 60000006 | ||
| 035 | _a(OCoLC)506690 | ||
| 040 |
_aDLC _cOAkU _dDLC |
||
| 050 | 0 | 0 |
_aQE185 _b.A2 no. 301 |
| 051 |
_aQE199 _b.B3 |
||
| 082 | _a557.18 | ||
| 100 | 1 |
_aBaird, David McCurdy, _d1920- |
|
| 245 | 1 | 0 |
_aFogo Island map-area, Newfoundland _b(2E/9, mainly) |
| 260 |
_aOttawa, _bE. Cloutier, Queen's Printer, _c1958. |
||
| 300 |
_a43 p. _billus., fold. col. map (in pocket) tables. _c25 cm. |
||
| 410 | 2 | 0 |
_aGeological Survey of Canada. _tMemoir _v301 |
| 504 | _aBibliography: p. 43. | ||
| 650 | 0 |
_aGeology _zNewfoundland and Labrador _zFogo Island. |
|
| 999 |
_c29409 _d29409 |
||